| 000 | 01045nac a22003970a 4500 | ||
|---|---|---|---|
| 001 | PT31592 | ||
| 003 | AR-LpoUNG | ||
| 005 | 20210201005255.0 | ||
| 008 | 201001s1979||||ag |||||||||||||||||spa d | ||
| 040 |
_aAR-LpoUNG _bspa _eaacr |
||
| 041 | _aspa | ||
| 044 | _aag | ||
| 082 | 0 | _a982.04 643jui | |
| 100 | 1 | _aGonzález, Joaquín V. | |
| 245 | 1 | 3 | _aEl juicio del siglo |
| 250 | _a1§ edición | ||
| 260 |
_aBuenos Aires : _bCentro Editor de América Latina, _c1979. |
||
| 300 |
_a197 p. : _btbls. _3Impreso |
||
| 650 | 4 | _aANALISIS HISTORICO | |
| 650 | 4 | _aARGENTINA | |
| 650 | 4 | _aCONSTITUCIONES | |
| 650 | 4 | _aDEMOCRACIA | |
| 650 | 4 | _aDESARROLLO AGROPECUARIO | |
| 650 | 4 | _aDINAMICA DE LA POBLACION | |
| 650 | 4 | _aEDUCACION | |
| 650 | 4 | _aHISTORIA | |
| 650 | 4 | _aINMIGRACION | |
| 650 | 4 | _aINVESTIGACION ECONOMICA | |
| 650 | 4 | _aPOBLACION | |
| 650 | 4 | _aPOLITICA EDUCATIVA | |
| 650 | 4 | _aPOLITICA NACIONAL | |
| 700 | 1 |
_aPontieri, Margarita B. _epról. |
|
| 700 | 1 |
_aRest, Jaime _epról. |
|
| 905 | _a31592 | ||
| 942 | _cLIB | ||
| 999 |
_c48953 _d48953 |
||